Zambian myths and legends of the wild / (Record no. 2797)
[ view plain ]
| 000 -LEADER | |
|---|---|
| fixed length control field | 00786nam a22002415a 4500 |
| 001 - CONTROL NUMBER | |
| control field | 12614959 |
| 005 - DATE AND TIME OF LATEST TRANSACTION | |
| control field | 20180104145135.0 |
| 008 - FIXED-LENGTH DATA ELEMENTS--GENERAL INFORMATION | |
| fixed length control field | 011005s2001 za a b 001 0 eng |
| 010 ## - LIBRARY OF CONGRESS CONTROL NUMBER | |
| LC control number | 2001311781 |
| 020 ## - INTERNATIONAL STANDARD BOOK NUMBER | |
| International Standard Book Number | 9982848003 |
| 035 ## - SYSTEM CONTROL NUMBER | |
| System control number | (DLC) 2001311781 |
| 040 ## - CATALOGING SOURCE | |
| Original cataloging agency | DLC |
| Transcribing agency | DLC |
| 042 ## - AUTHENTICATION CODE | |
| Authentication code | lcode |
| 100 1# - MAIN ENTRY--PERSONAL NAME | |
| Personal name | Kangende, Kenneth, |
| Dates associated with a name | 1953- |
| 9 (RLIN) | 36891 |
| 245 10 - TITLE STATEMENT | |
| Title | Zambian myths and legends of the wild / |
| Statement of responsibility, etc | Kenneth Kangende. |
| 260 ## - PUBLICATION, DISTRIBUTION, ETC. (IMPRINT) | |
| Place of publication, distribution, etc | Lusaka : |
| Name of publisher, distributor, etc | MINTA Publishers, |
| Date of publication, distribution, etc | c2001. |
| 300 ## - PHYSICAL DESCRIPTION | |
| Extent | xii, 201 p. : |
| Other physical details | ill. ; |
| Dimensions | 21 cm. |
| 504 ## - BIBLIOGRAPHY, ETC. NOTE | |
| Bibliography, etc | Includes bibliographical references (p. 196-201) and indexes. |
| 650 ## - SUBJECT ADDED ENTRY--TOPICAL TERM | |
| Topical term or geographic name as entry element | Folklore |
| General subdivision | Zambia |
| 9 (RLIN) | 36892 |
| 906 ## - LOCAL DATA ELEMENT F, LDF (RLIN) | |
| a | 7 |
| b | ibc |
| c | origode |
| d | 3 |
| e | ncip |
| f | 20 |
| g | y-gencatlg |
| 942 ## - ADDED ENTRY ELEMENTS (KOHA) | |
| Source of classification or shelving scheme | Library of Congress Classification |
| Item type | Monograph ( Printed materials) |
| Withdrawn status | Lost status | Source of classification or shelving scheme | Damaged status | Not for loan | Collection code | Home library | Current library | Shelving location | Date acquired | Total Checkouts | Full call number | Barcode | Date last seen | Copy number | Price effective from | Koha item type |
|---|---|---|---|---|---|---|---|---|---|---|---|---|---|---|---|---|
| Library of Congress Classification | Main Collection | ARRUPE LIBRARY | ARRUPE LIBRARY | 27/02/2013 | GR358.4K13 | 46403795 | 27/02/2013 | 1 | 27/02/2013 | Monograph ( Printed materials) |